| 000 | 02171nam a2200373 i 4500 | ||
|---|---|---|---|
| 001 | 000045445 | ||
| 003 | DO-SdBPM | ||
| 005 | 20260429130501.0 | ||
| 007 | ta | ||
| 008 | 150325e2010 dr ac gr 001 pdspa d | ||
| 020 | _a9789945131345 | ||
| 040 |
_aDO-SdBPM _bspa _cBPMSU _erda _d |
||
| 041 | _aspa | ||
| 082 | 0 | 4 |
_a398.729373 _bT266S 2010 _222 |
| 100 | 1 |
_aTejeda Ortiz, Dagoberto, _d1940- _eautor _4aut. |
|
| 245 | 1 | 0 |
_aSan Juan Baustista y la sarandunga de Baní / _cDagoberto Tejeda Ortiz. ;prólogo José Guerrero |
| 264 | 4 |
_aSanto Domingo : _bEdiciones Rumbo Sur _bMinisterio de Cultura, _c©2014. |
|
| 300 |
_a95 páginas : _bilustraciones, retratos ; _c23 cm. |
||
| 336 |
_atexto _btxt _2rdacontent |
||
| 337 |
_asin mediación _bn _2rdamedia |
||
| 338 |
_avolumen _bnc _2rdacarrier |
||
| 500 | _aIncluye datos biográficos del autor en la solapa de la cubierta. | ||
| 500 | _aIncluye bibliografía al final de los capítulos | ||
| 500 | _aIncluye referencias bibliográficas y notas al pie de las páginas. | ||
| 505 | 0 | _aPresentación -- Los chuines, creatividad popular e identidad -- Baní, cultura e identidad -- Baní, entre décimas y chuines -- Las décimas y los chuines en la comunidades campesina de Baní -- Los chuines de Cañafistol -- Bibliografía -- Agustín Lara: boleros, romanticismo e identidad -- Las canciones y boleros de Agustín -- San Juan Bautista: Cimarronaje e identidad en la sarandunga de Baní -- Religión, historia y realidad -- Esclavitud y cimarronaje en la isla de Santo Domingo -- San Juan Bautista, el cimarronaje y la sarandunga -- San Juan Bautista, sarandunga e identidad -- | |
| 590 | _aInventariado 2026 / VM | ||
| 600 | 1 | 7 |
_aBautista, San Juan, _eSanto _dSiglo I a. C.[ - 29-36 d. C.[ _xCulto _zBaní (República Dominicana : provindia) |
| 650 | 7 |
_aMúsica folklórica _zBaní (República Dominicana : provincia ) _xHistoria y crítica |
|
| 650 | 7 |
_aNegros _zBaní (República Dominicana : provincia) _xMúsica |
|
| 651 | 7 |
_aBaní (República Dominicana: provindia) _xVida social y costumbres _x |
|
| 700 | 1 |
_4Guerrero, José _eprólogo |
|
| 910 | _aVMateo V. Control de calidad BPMSU | ||
| 942 |
_2ddc _cBK |
||
| 999 |
_c15807 _d15807 |
||